Rozmowa Michała z gorzałką czyli Cud rzadki w świecie, że pijak przecie statkuje, już żyć zaczyna, wódkę przeklina, żałuje. Majster hulacki, cechmistrz pijacki nie pije; Brodowicz Michał, co od niej zdychał, już żyje!. (Rekord nr 27181)
| 000 -Nagłówek | |
|---|---|
| fixed length control field | 01792cam a2200337 i 4500 |
| 001 - Nr kontrolny bibl., która utworzyła rek. | |
| control field | xx005913775 |
| 003 - Siglum bibl., której nr kontr. jest w 001 | |
| control field | NUKAT |
| 005 - Data i czas ostatniej operacji | |
| control field | 20260320172023.0 |
| 008 - Elementy pola stałej długości | |
| fixed length control field | 260320s1894 pl |000 p pol c |
| 035 ## - Systemowy numer kontrolny | |
| systemowy numer kontrolny | (NUKAT)xx005913775 |
| 040 ## - Instytucja sporządzająca opis | |
| Instytucja, która sporządziła opis | OLSZT 008/AL |
| język katalgowania-trzyzn. kod | pol |
| zasady opisu | rda |
| Instytucja, która sporządziła rekord | OLSZT 008/AL |
| Instytucja, która zmodyfikowała rekord | OLSZT 008/AL |
| 046 ## - Kod rodz. daty, data1, data2 (daty pne) | |
| Begin/single date | 1894 |
| 245 00 - Tytuł właściwy i oznaczenie odpow. | |
| tytuł | Rozmowa Michała z gorzałką czyli Cud rzadki w świecie, że pijak przecie statkuje, już żyć zaczyna, wódkę przeklina, żałuje. Majster hulacki, cechmistrz pijacki nie pije; Brodowicz Michał, co od niej zdychał, już żyje!. |
| 260 ## - Adres wydawniczy | |
| miejsce wydania, dystrybucji itp. | Chełmno : |
| nazwa wydawcy, dystrybutora itp. | drukiem i nakładem W. Fiałka, |
| data wydania, dystrybucji itp. | [1894]. |
| 300 ## - Opis fizyczny | |
| objętość i/lub forma materiału | 16 stron ; |
| format | 17 cm. |
| 336 ## - Content Type | |
| Term | Tekst |
| Code | txt |
| Source | rdacontent |
| 337 ## - Media Type | |
| Term | Bez urządzenia pośredniczącego |
| Code | n |
| Source | rdamedia |
| 338 ## - Carrier Type | |
| Term | Wolumin |
| Code | nc |
| Source | rdacarrier |
| 380 ## - Form of work | |
| Form of work | Książki |
| 380 ## - Form of work | |
| Form of work | Poezja |
| 386 ## - Creator/Contributor Characteristics | |
| Demographic group term | Przynależność kulturowa |
| Creator/contributor term | Literatura polska |
| 388 1# - TIME PERIOD OF CREATION | |
| Time period of creation term | 1801-1900 |
| 500 ## - Uwaga ogólna | |
| uwaga ogólna | Rok wydania według: Verzeichniss der aus der neu erschienenen Litteratur von der Königlichen Bibliothek zu Berlin und den Preussischen Universitäts-Bibliotheken erworbenen Druckschriften. - Berlin, 1899, s. 325. |
| 500 ## - Uwaga ogólna | |
| uwaga ogólna | Według Mańkowskiego jest to drugie wydanie wierszowanej powiastki drukowanej bez tytułu w drukarni Fiałka w 1886. |
| 510 4# - Uwaga o cytowaniu lub źródłach opisu bibliogr. | |
| nazwa źródła | Dzieje drukarstwa i piśmiennictwa polskiego w Prusiech Zachodnich wraz z szczegółową bibliografią druków polskich zachodniopruskich / opracował A. Mańkowski (ciąg dalszy) // Roczniki Towarzystwa Naukowego w Toruniu R. 16 (1909), |
| lokaliz. opracowania w źródle | s. 35, poz. 222 |
| 650 #7 - Hasło przedmiotowe-nazwa pospolita | |
| nazwa pospolita lub geogr. | Alkoholizm |
| źródło hasła | DBN |
| 9 (RLIN) | 38644 |
| 655 #7 - Termin określający rodzaj/formę | |
| rodzaj/forma | Wiersze |
| źródło terminu | DBN |
| 9 (RLIN) | 34933 |
| 655 #7 - Termin określający rodzaj/formę | |
| rodzaj/forma | Dramat polski |
| określnik chronologiczny | 1870-1914. |
| źródło terminu | kaba |
| 9 (RLIN) | 38643 |
| 700 1# - Hasło dodatkowe - nazwa osobowa | |
| nazwa osobowa | Fiałek, Walenty |
| daty biograficzne | (1852-1932). |
| rodzaj współpracy | Wydawca |
| 9 (RLIN) | 36639 |
| 942 ## - ADDED ENTRY ELEMENTS (KOHA) | |
| Source of classification or shelving scheme | Dewey Decimal Classification |
| Koha item type | pozycje dostępne na miejscu |
| Status wycofania | Status zagubienia | Klasyfikacja | Status uszkodzenia | Blokada wypożyczeń | Kolekcja | Lokalizacja macierzysta | Lokalizacja bieżąca | Data nabycia | Numer akcesji | Źródło akcesji | Nr inwentarzowy | il. wypożyczeń | Sygnatura | Kod kreskowy | Date last seen | Price effective from | Typ egz. |
|---|---|---|---|---|---|---|---|---|---|---|---|---|---|---|---|---|---|
| Dewey Decimal Classification | nieuszkodzona | Pracownia Badań Księgozbiorów Historycznych | Biblioteka Instytutu Północnego w Olsztynie | Pracownia Badań Księgozbiorów Historycznych | 20/03/2026 | K-55/1970 | kupno | 14253 | 14253 | IPWK20853 | 20/03/2026 | 20/03/2026 | pozycje dostępne na miejscu |